000 00852cam a2200229 a 4500
001 3488562
005 20180301043013.0
008 940914s1995 wiuab b 100 0 eng
010 _a 94037486
020 _a0891188177
040 _aDLC
_cDLC
_dDLC
041 _aeng
080 _a631.41011 kis
082 0 0 _a631.41011 kis
_220
100 _a11
101 _akim
245 0 0 _aChemical equilibrium and reaction models /
_ceditors, Richard H. Loeppert, A. Paul Schwab, and Sabine Goldberg ; [editors-in-chief], D.E. Kissel, G.H. Heichel ; managing editor, Jon M. Bartels.
504 _aIncludes bibliographical references.
906 _a7
_bcbc
_corignew
_d1
_eocip
_f19
_gy-gencatlg
942 _2ddc
_cBK
999 _c43793
_d43793